000 00750nam a22002057a 4500
999 _c4210
_d4210
003 AR-CdUCM
008 190308b ||||| |||| 00| 0 spa d
040 _aMUNICIPALIDAD PROVINCIAL DEL CUSCO
_cBIBLIOTECA MUNICIPAL DEL CUSCO
082 _a807 /
_bC53.
100 _aChimoy Effio, Pedro J.
_913330
245 _aDiálogos universitarios /
260 _aChiclayo :
_c1982.
300 _a224 paginas ;
_c20 cm.
505 _aContenido :El ingreso a la universidad --La estructura y administración universitaria --La política en la universidad --Las rentas universitarias --El rol de los padres ...
650 _aEnsayos narrativos
_913331
650 _aOrganización
_94866
650 _aEducación
_9460
942 _2ddc
_cLIBROS
945 _arjall